000 00268nam a2200109Ia 4500
008 190216s9999||||xx |||||||||||||| ||und||
100 _aSuresh K Basandra
245 0 _aManagement Information Systems
260 _bVishal Publcations
_c1999
300 _a568p
942 _cBK
999 _c6031
_d6031